chemical bond strengths - Statistics

General Stats
  • This quiz has been taken 5 times
  • The average score is 18 of 21
Answer Stats
Hint Answer % Correct
N-N 160
100%
O-F 160
100%
Br-I 180
100%
N-Cl 200
100%
N-P 210
100%
S-S 215
100%
Si-S 225
100%
P-S 230
100%
C-I 240
100%
P-Br 270
100%
F-S 285
100%
C-N 290
100%
Si-Br 290
100%
H-I 295
100%
H-P 320
100%
H-S 340
100%
C-Si 360
100%
H-N 390
100%
H-Si 395
100%
H-Cl 432
100%
H-H 436
100%
F-P 489
100%
F-Si 540
100%
C=C 611
100%
C=N 615
100%
C=O 741
100%
NN triple 946
100%
Si-Si 230
50%
S-Cl 243
50%
H-C 415
50%
CO triple 1080
0%
O-O 140
0%
I-I 150
0%
F-F 160
0%
Br-Br 190
0%
N-O 200
0%
O-I 200
0%
O-Cl 205
0%
Cl-I 210
0%
Si-P 215
0%
Si-I 215
0%
P-P 215
0%
P-I 215
0%
S-Br 215
0%
Cl-Br 220
0%
F-Br 235
0%
Cl-Cl 243
0%
N-Br 245
0%
F-Cl 255
0%
C-S 260
0%
C-P 265
0%
N-F 270
0%
C-Br 275
0%
C-Cl 330
0%
P-Cl 330
0%
C-C 345
0%
C-O 350
0%
O-P 350
0%
Si-Cl 359
0%
H-Br 370
0%
O-Si 370
0%
N=N 418
0%
C-F 439
0%
H-O 464
0%
O=O 498
0%
H-F 569
0%
CC Triple 837
0%
CN triple 891
0%
No matching quizzes found
Score Distribution
Percent of People with Each Score
Percentile by Number Answered
Your Score History
You have not taken this quiz